000 00450nam a2200193 a 4500
001 1755773429965
003 ACL
005 20250821162445.0
008 250821s2006##################000#0#eng##
020 _a8123013426
082 0 4 _a745.092
_bSUJ
100 1 _aPatnaik, Sujata,
_eauthor.
245 1 0 _aFolk Legend Bhagaban Sahu :
260 _c2006.
300 _a124 pages
650 0 _aDancers.
942 _cENGLISH
040 _aACL
_beng
_cACL
999 _c583378
_d583378